[Event "Sao Paulo Sampa op"]
[Site "Sao Paulo"]
[Date "2024.02.01"]
[Round "5"]
[White "Lima, Hamilton Da Silva"]
[Black "Simeao, Miguel Roberto Rani"]
[Result "0-1"]
[WhiteElo "1778"]
[BlackElo "1962"]
[PlyCount "96"]
[EventDate "2024.01.29"]
[EventType "swiss"]
[EventRounds "9"]
[EventCountry "BRA"]
[SourceTitle "CB06_2024"]
[SourceDate "2024.02.07"]
[SourceVersion "1"]
[SourceVersionDate "2024.02.07"]
[SourceQuality "1"]

1. e4 c6 2. d4 d5 3. Nd2 dxe4 4. Nxe4 Nf6 5. Nxf6+ exf6 6. Nf3 Bd6 7. Bd3 0-0 8. Be3 Re8 9. Qd2 Be6 10. a3 Nd7 11. h4 h5 12. c4 a5 13. b3 Qe7 14. c5 Bc7 15. Qc2 Bd5 16. Be2 Qe6 17. Rb1 Be4 18. Bd3 Bxf3 19. gxf3 Bf4 20. Bf5 Qe7 21. Qe4 Qxe4 22. fxe4 Bxe3 23. fxe3 Nf8 24. Kd2 g6 25. Rhg1 Kh7 26. Bh3 Rxe4 27. Rbf1 Rxh4 28. Bg2 Kg7 29. Kd3 Rg4 30. Bf3 Rxg1 31. Rxg1 Kh6 32. Kc4 Ne6 33. e4 Ng5 34. Bh1 Re8 35. Re1 f5 36. e5 f6 37. b4 axb4 38. axb4 fxe5 39. Rxe5 Rxe5 40. dxe5 f4 41. b5 f3 42. bxc6 bxc6 43. Kb4 h4 44. Ka5 h3 45. e6 Kg7 46. Kb6 f2 47. Bxc6 Nxe6 48. Bd7 f1Q 0-1